| 000 | nam a22 7a 4500 | ||
|---|---|---|---|
| 999 |
_c7235 _d7235 |
||
| 003 | OSt | ||
| 005 | 20190703173657.0 | ||
| 008 | 190703s2019 spc|||||||||| 0|0 | spa|d | ||
| 017 |
_aDL B-7.750-2019 _bBiblioteca de Catalunya |
||
| 020 | _a9788416883721 | ||
| 040 |
_aES-BaUIC _bcat _cCDMR |
||
| 100 | 1 |
_aArgemí Ballbé, Marc _93900 _d1979- |
|
| 245 | 1 | 4 |
_aLos siete hábitos de la gente desinformada _b: cómo informarse y tomar decisiones en las redes sociales / _cMarc Argemí |
| 260 |
_aBarcelona : _bConecta, _c2019 |
||
| 300 |
_a220 p. ; _c23 cm |
||
| 504 | _aInclou referències bibliogràfiques | ||
| 650 | 7 |
_aDesinformació _2lemac _94286 |
|
| 650 | 0 | 7 |
_aMitjans de comunicació de massa _xInfluència _2lemac _93542 |
| 650 | 0 | 7 |
_aXarxes socials en línia _2lemac _93128 |
| 942 | _cMON | ||